000 00503nam a22001577a 4500
999 _c14335
_d14335
003 AR-CdUCM
008 190422b ||||| |||| 00| 0 spa d
040 _aMUNICIPALIDAD PROVINCIAL DEL CUSCO
_cBIBLIOTECA MUNICIPAL DEL CUSCO
082 _aC / 323 /
_bL93
245 _aLuchas campesinas del siglo XX /
260 _aLima :
_bTarea,
_c1978.
300 _a44 páginas ;
_bilustraciones.
_c22 cm.
505 _aMexico -- Viernam -- Rusia -- China --Argelia.
942 _2ddc
_cPP
945 _awfj
_d2019-04-22